Introduction to engineering mechanics (Record no. 17563)

000 -LEADER
fixed length control field 00597nam a22002051 4500
001 - CONTROL NUMBER
control field 17563
003 - CONTROL NUMBER IDENTIFIER
control field BD-DhUET
008 - FIXED-LENGTH DATA ELEMENTS--GENERAL INFORMATION
fixed length control field 100604s1961 maua b 000 0 eng
040 ## - CATALOGING SOURCE
Original cataloging agency DLC
Transcribing agency DLC
Modifying agency BD-DhUET
082 ## - DEWEY DECIMAL CLASSIFICATION NUMBER
Classification number 620.1
Item number HUD/1961
100 ## - MAIN ENTRY--PERSONAL NAME
Personal name Huddleston, John V.
245 10 - TITLE STATEMENT
Title Introduction to engineering mechanics
250 ## - EDITION STATEMENT
Edition statement 1st ed.
260 ## - PUBLICATION, DISTRIBUTION, ETC. (IMPRINT)
Place of publication, distribution, etc. Massachusetts
Name of publisher, distributor, etc. Addison-Wesley Publishing
Date of publication, distribution, etc. 1961
300 ## - PHYSICAL DESCRIPTION
Extent xii, 493 p.
Other physical details ill.
Dimensions 24 cm.
490 0# - SERIES STATEMENT
Series statement Addison-Wesley series in the engineering sciences
504 ## - BIBLIOGRAPHY, ETC. NOTE
Bibliography, etc Includes bibliographies
650 #0 - SUBJECT ADDED ENTRY--TOPICAL TERM
Topical term or geographic name as entry element Engineering mechanics
942 ## - ADDED ENTRY ELEMENTS (KOHA)
Koha item type General Book
Holdings
Koha date last seen Koha item type Shelving location Price effective from Lost status Date acquired Source of classification or shelving scheme Location (home branch) Damaged status Koha full call number Not for loan Sublocation or collection (holding branch) Withdrawn status Copy number Koha normalized classification for sorting Piece designation (barcode)
2015-03-24General BookCirculation section2015-03-24 2015-03-24 Central Library, BUET 620.1/HUD/1961 Central Library, BUET 1620_100000000000000_HUD_196110262
2015-03-24General BookCirculation section2015-03-24 2015-03-24 Central Library, BUET 620.1/HUD/1961 Central Library, BUET 2620_100000000000000_HUD_196138774
2015-03-24General BookCirculation section2015-03-24 2015-03-24 Central Library, BUET 620.1/HUD/1961 Central Library, BUET 3620_100000000000000_HUD_196110263
2015-03-24General BookCirculation section2015-03-24 2015-03-24 Central Library, BUET 620.1/HUD/1961 Central Library, BUET 4620_100000000000000_HUD_196128806
2015-03-24General BookCirculation section2015-03-24 2015-03-24 Central Library, BUET 620.1/HUD/1961 Central Library, BUET 5620_100000000000000_HUD_19619235
2015-03-24General BookCataloging to Circulation2015-03-24 2015-03-24 Central Library, BUET 620.1/HUD/1961 Central Library, BUET 6620_100000000000000_HUD_19619261
2015-03-24General BookCirculation section2015-03-24 2015-03-24 Central Library, BUET 620.1/HUD/1961 Central Library, BUET 8620_100000000000000_HUD_196137760
2015-03-28General BookCirculation section2015-03-28 2015-03-28 Central Library, BUET 620.1/HUD/1961 Central Library, BUET 7620_100000000000000_HUD_196184383